Hỏi - đáp về luật khiếu nại - tố cáo (Biên soạn theo văn bản mới nhất) /
Cuốn sách giải đáp khá chi tiết các quy định của Luật khiếu nại, tố cáo, không những giúp bạn đọc dễ dàng tìm hiểu các quy định của Luật khiếu nại, tố cáo mà còn là tài liệu để những người làm công tác giải quyết.
Enregistré dans:
| Auteur principal: | |
|---|---|
| Format: | Livre |
| Langue: | Vietnamese |
| Publié: |
Tp.HCM :
Nxb Mũi Cà Mau,
1999.
|
| Sujets: | |
| Tags: |
Ajouter un tag
Pas de tags, Soyez le premier à ajouter un tag!
|
| Thư viện lưu trữ: | Mạng thư viện Đại học Đà Nẵng |
|---|
| LEADER | 01213cam a2200337 a 4500 | ||
|---|---|---|---|
| 001 | 000046928 | ||
| 003 | 6437 | ||
| 005 | 20070605084125.0 | ||
| 008 | 010306b1999 vm 000 vie | ||
| 020 | |c 8000 | ||
| 040 | |a IRC |c IRC |d IRC | ||
| 041 | 0 | |a vie | |
| 082 | 1 | 4 | |a 347.053 |b NG-Đ |
| 100 | 1 | |a Nguyễn Ngọc Điệp. | |
| 245 | 1 | 0 | |a Hỏi - đáp về luật khiếu nại - tố cáo (Biên soạn theo văn bản mới nhất) / |c Nguyễn Ngọc Điệp. |
| 260 | |a Tp.HCM : |b Nxb Mũi Cà Mau, |c 1999. | ||
| 300 | |a 94 tr. ; |c 20,5 cm. | ||
| 520 | 3 | |a Cuốn sách giải đáp khá chi tiết các quy định của Luật khiếu nại, tố cáo, không những giúp bạn đọc dễ dàng tìm hiểu các quy định của Luật khiếu nại, tố cáo mà còn là tài liệu để những người làm công tác giải quyết. | |
| 630 | 0 | 4 | |a Luật pháp. |
| 630 | 0 | 4 | |a Luật khiếu nại-tố cáo. |
| 650 | 0 | 4 | |a Luật dân sự |z Việt Nam. |
| OWN | |a DUT | ||
| 999 | |a From the UDN01 | ||
| TYP | |a Monograph | ||
| TYP | |a Printed language | ||
| 980 | |a Mạng thư viện Đại học Đà Nẵng | ||